GPRS demystified (Record no. 566408)
[ view plain ]
| 000 -LEADER | |
|---|---|
| fixed length control field | 01035cam a22002894a 4500 |
| 001 - CONTROL NUMBER | |
| control field | 12907042 |
| 003 - CONTROL NUMBER IDENTIFIER | |
| control field | CEME |
| 005 - DATE AND TIME OF LATEST TRANSACTION | |
| control field | 20210628201521.0 |
| 008 - FIXED-LENGTH DATA ELEMENTS--GENERAL INFORMATION | |
| fixed length control field | 020826s2003 nyua 001 0 eng |
| 010 ## - LIBRARY OF CONGRESS CONTROL NUMBER | |
| LC control number | 2002032409 |
| 020 ## - INTERNATIONAL STANDARD BOOK NUMBER | |
| International Standard Book Number | 0071385533 (alk. paper) |
| 040 ## - CATALOGING SOURCE | |
| Original cataloging agency | DLC |
| Transcribing agency | DLC |
| Modifying agency | DLC |
| 042 ## - AUTHENTICATION CODE | |
| Authentication code | pcc |
| 050 00 - LIBRARY OF CONGRESS CALL NUMBER | |
| Classification number | TK5103.482 |
| Item number | G67 2003 |
| 082 00 - DEWEY DECIMAL CLASSIFICATION NUMBER | |
| Classification number | 621.39/81 |
| Edition number | 21 |
| 100 ## - MAIN ENTRY--PERSONAL NAME | |
| Relator code | Hoffman, John |
| 245 00 - TITLE STATEMENT | |
| Title | GPRS demystified |
| Statement of responsibility, etc. | HOFFMAN, JOHN, editor. |
| 260 ## - PUBLICATION, DISTRIBUTION, ETC. | |
| Place of publication, distribution, etc. | New York : |
| Name of publisher, distributor, etc. | McGraw-Hill, |
| Date of publication, distribution, etc. | c2003. |
| 300 ## - PHYSICAL DESCRIPTION | |
| Extent | xxii, 457 p. : |
| Other physical details | ill. ; |
| Dimensions | 24 cm. |
| 504 ## - BIBLIOGRAPHY, ETC. NOTE | |
| Bibliography, etc. note | Includes bibliographical references and index. |
| 650 #0 - SUBJECT ADDED ENTRY--TOPICAL TERM | |
| Topical term or geographic name entry element | General Packet Radio Service. |
| 9 (RLIN) | 55614 |
| 700 1# - ADDED ENTRY--PERSONAL NAME | |
| Personal name | Hoffman, John, |
| Dates associated with a name | 1957- |
| 9 (RLIN) | 55615 |
| 856 41 - ELECTRONIC LOCATION AND ACCESS | |
| Materials specified | Table of contents |
| Uniform Resource Identifier | <a href="http://www.loc.gov/catdir/toc/mh031/2002032409.html">http://www.loc.gov/catdir/toc/mh031/2002032409.html</a> |
| 856 42 - ELECTRONIC LOCATION AND ACCESS | |
| Materials specified | Publisher description |
| Uniform Resource Identifier | <a href="http://www.loc.gov/catdir/description/mh031/2002032409.html">http://www.loc.gov/catdir/description/mh031/2002032409.html</a> |
| 856 42 - ELECTRONIC LOCATION AND ACCESS | |
| Materials specified | Contributor biographical information |
| Uniform Resource Identifier | <a href="http://www.loc.gov/catdir/enhancements/fy0704/2002032409-b.html">http://www.loc.gov/catdir/enhancements/fy0704/2002032409-b.html</a> |
| 942 ## - ADDED ENTRY ELEMENTS (KOHA) | |
| Source of classification or shelving scheme | |
| Koha item type | Book |
| Withdrawn status | Lost status | Source of classification or shelving scheme | Damaged status | Not for loan | Permanent Location | Current Location | Shelving location | Date acquired | Total Checkouts | Full call number | Barcode | Date last seen | Price effective from | Koha item type |
|---|---|---|---|---|---|---|---|---|---|---|---|---|---|---|
| College of Electrical & Mechanical Engineering (CEME) | College of Electrical & Mechanical Engineering (CEME) | General Stacks | 03/24/2017 | 621.3981 HOF | CEME-40309 | 06/28/2021 | 06/28/2021 | Book | ||||||
| College of Electrical & Mechanical Engineering (CEME) | College of Electrical & Mechanical Engineering (CEME) | General Stacks | 03/24/2017 | 621.3981 HOF | CEME-40310 | 06/28/2021 | 06/28/2021 | Book |
